000 00518pab a2200169 454500
008 180718b1995 xxu||||| |||| 00| 0 eng d
100 _aPetersen, Rebecca D.
245 _aExpert policy in juvenile justice
_bpatterns of claims making and issues of power in a program construction.
260 _c1995
300 _ap.635-51
362 _aWinter
650 _aJuvenile justice, Administration of
650 _aJudiciary
650 _aAdministration of justice
773 _aPolicy Studies Journal
909 _a31135
999 _c31135
_d31135